Normal view
MARC view
Entry Personal Name
001 - CONTROL NUMBER
- control field: 21573
003 - CONTROL NUMBER IDENTIFIER
- control field: ARRUPE
005 - DATE AND TIME OF LATEST TRANSACTION
- control field: 20160119094836.0
008 - FIXED-LENGTH DATA ELEMENTS
- fixed length control field: 160119|| aca||aabn | a|a d
040 ## - CATALOGING SOURCE
- Original cataloging agency: ARRUPE
- Transcribing agency: ARRUPE
100 ## - HEADING--PERSONAL NAME
- Personal name: Keynes, John Maynard,
- Dates associated with a name: 1883-1946.
670 ## - SOURCE DATA FOUND
- Source citation: Work cat.: (ARRUPE)0: Skidelsky, Robert, 1939- 21572, Keynes :, 2010.